00692nam a2200205Ia 4500003000900000008004100009020001800050040001600068080001500084110003500099245011700134250001300251260004400264300001100308650003600319650001900355942000700374999001500381952009000396IN-BaIIA211028s9999 xx 000 0 eng d a0-85229-413-1 cIIA Library a031bEBR-7 aEncyclopedia Britannica910946 4aThe New Encyclopaedia Britannica in 30 Volumesbvol. 7, macropaedia, knowledge in depthcEncyclopedia Britannica a32nd ed. aChicagobEncyclopaedia Britannicac1984 a1135p. aEncyclopedia-Macropaedia913711 aNASA Thesaurus cBK c8157d8157 00104070aBANbBANcGENd1985-03-19l0o031/EBR-7p8995r2021-11-05w1985-03-19yBK